书目信息 |
| 题名: |
中文版Windows 8超级使用宝典
|
|
| 作者: | 郭萍 编著 | |
| 分册: | ||
| 出版信息: | 北京 清华大学出版社 2014 |
|
| 页数: | 26,512页 | |
| 开本: | 26cm | |
| 丛书名: | ||
| 单 册: | ||
| 中图分类: | TP316.7 | |
| 科图分类: | ||
| 主题词: | Windows操作系统--基本知识 , Windows操作系统 | |
| 电子资源: | ||
| ISBN: | 978-7-302-35282-2 | |
| 000 | 00868nam0 2200229 450 | |
| 001 | 140128 | |
| 005 | 20140921150151.93 | |
| 010 | @a978-7-302-35282-2@dCNY 62.00 | |
| 100 | @a20140526d2014 em y0chiy50 ea | |
| 101 | 0 | @achi |
| 102 | @aCN@b110000 | |
| 105 | @aa z 000yy | |
| 200 | 1 | @a中文版Windows 8超级使用宝典@Azhong wen ban Windows 8 chao ji shi yong bao dian@b专著@f郭萍编著 |
| 210 | @a北京@c清华大学出版社@d2014 | |
| 215 | @a26,512页@c图@d26cm | |
| 330 | @a本书共分12章,分别介绍了Windows 8的基本操作与使用,个性设置与同步,文件管理与搜索,移动宽带与无线网络,网页浏览与设置,内置工具与管理,应用商店与云存储,照片、音乐与视频,设备安装与使用等内容。 | |
| 606 | 0 | @aWindows操作系统@x基本知识 |
| 606 | 0 | @aWindows操作系统 |
| 690 | @aTP316.7@v5 | |
| 701 | 0 | @a郭萍@Aguo ping@c(计算机)@4编著 |
| 801 | 0 | @aCN@bZL@c20140921 |
| 905 | @a241430@dTP316.7@eG822 | |
| 中文版Windows 8超级使用宝典/郭萍编著.-北京:清华大学出版社,2014 |
| 26,512页:图;26cm |
| ISBN 978-7-302-35282-2:CNY 62.00 |
| 本书共分12章,分别介绍了Windows 8的基本操作与使用,个性设置与同步,文件管理与搜索,移动宽带与无线网络,网页浏览与设置,内置工具与管理,应用商店与云存储,照片、音乐与视频,设备安装与使用等内容。 |
| ● |
| 相关链接 |
|
|
|
正题名:中文版Windows 8超级使用宝典
索取号:TP316.7/G822
 
预约/预借
| 序号 | 登录号 | 条形码 | 馆藏地/架位号 | 状态 | 备注 |
| 1 | 0833692 | 208336923 | 自科库301/301自科库 87排1列1层/ [索取号:TP316.7/G822] | 在馆 | |
| 2 | 0833693 | 208336932 | 自科二线404/301自科库 51排7列3层/ [索取号:TP316.7/G822] | 在馆 | |
| 3 | 0833694 | 208336941 | 自科库301/301自科库 87排1列1层/ [索取号:TP316.7/G822] | 在馆 |